00630nam a22001337a 4500999001500000003000400015008004100019245005200060250008100112260004200193650002700235942001200262952022200274 c9747d9747OSt201203b ||||| |||| 00| 0 eng d aJournal of The Institution of Engineers (INDIA) a2009(Sep Vol.90 No.18, Oct Vol.90 No.18, Nov Vol.90 No.18, Dec Vol.90 No.18) aKolkatabThe Institution of Engineers aMechanical Engineering 2ddccBV 00102ddc3Bound Volume40718BTECHMEaPIETbPIETd2020-12-11eThe Institution of Engineersh2009(Sep Vol.90 No.18, Oct Vol.90 No.18, Nov Vol.90 No.18, Dec Vol.90 No.18)l0pBV254r2020-12-11 00:00:00w2009-01-09yBV